000 01053nam a2200289Ia 4500
001 Z_6384
008 220601s9999 xx 000 0 und d
020 _a978-92-9248-419-4
082 _a338.181 I33a
110 _aInstituto Interamericano de Cooperación para la Agricultura (IICA)
_9149894
245 _aAportes del IICA a la gestión del conocimiento de la agricultura en México / IICA
260 _aMéxico : IICA
300 _a166 p.
500 _aEsta publicasión también esta disponible en formato electrónico (PDF) en el sitio web en http//www.iica.int.
503 _aej.Donación
504 _aBibliografía: p. 159 - 164
651 _aPolítica agrícola
651 _aCooperación internacional
651 _aDesarrollo rural
651 _aDesarrollo sustentable
_9183626
710 _aInstituto Interamericano de Cooperación para la Agricultura (IICA)Ì
_9184992
901 _a338.181 I33A
902 _aA
905 _a5232272012 mx dmn 8221113312sap16
942 _c1
999 _c217128
_d217128